French Months of the Year - Statistics

General Stats
  • This quiz has been taken 847 times
  • The average score is 11 of 12
Answer Stats
English French % Correct
april avril
95%
november novembre
95%
september septembre
95%
december décembre
94%
may mai
94%
october octobre
94%
january janvier
91%
march mars
91%
february février
87%
august août
82%
june juin
82%
july juillet
72%
No matching quizzes found
Score Distribution
Percent of People with Each Score
Percentile by Number Answered
Your Score History
You have not taken this quiz